Word Ladder: Fiscal Institution Quiz Stats

 Plays Quiz Updated Jun 8, 2017

Support Sporcle.
Go Orange.
Score 0/16 Timer 02:00
1 Play Today
Clue 4-Letter Word % Correct
Man who founded The Disney CompanyWALT
96.2%
Discounted priceSALE
94.8%
NaClSALT
93.8%
A fiscal institution•BANK•
93.6%
Iron box used to protect money•SAFE•
93.5%
A small restaurant for tea and pastriesCAFE
92.4%
Put the goods onto the truckLOAD
91.1%
Give money to temporarily•LOAN•
90.4%
Clue 4-Letter Word % Correct
A fleshy bump on the skinWART
87.2%
Lay out in the sunBASK
86.2%
Paper currency•CASH•
84.4%
A huge partyBASH
83.4%
An instance of a certain situationCASE
82.1%
A part of a sentenceWORD
81.3%
A body of guards•WARD•
76.7%
A blue pigmentWOAD
74.8%

Today's Daily Dose

You're not logged in!

Compare scores with friends on all Sporcle quizzes.
OR
Log In
Forgot?

From the Vault

'H' Sorting Gallery

by alinrotundu

The answers are in alphabetical order at least.
Remove Ads.
Support Sporcle.
Get the best of Sporcle when you Go Orange. This ad-free experience offers more features, more stats, and more fun while also helping to support Sporcle. Thank you for becoming a member.

Show Comments

Extras

Top Quizzes Today


Score Distribution

Your Account Isn't Verified!

In order to create a playlist on Sporcle, you need to verify the email address you used during registration. Go to your Sporcle Settings to finish the process.

Report this User

Report this user for behavior that violates our Community Guidelines.

Details: